000 00486nam a22001577a 4500
003 OSt
005 20240415161411.0
008 240415b |||||||| |||| 00| 0 eng d
040 _cMRSPTU
100 _aKhwaja Ahmad Abbas (ਖ਼ਵਾਜਾ ਅਹਿਮਦ ਅੱਬਾਸ)
245 _aInqlab (ਇਨਕਲਾਬ
_bਸਰਵੋਤਮ ਭਾਰਤੀ ਸਾਹਿਤ
250 _a1st
260 _aPunjab
_bDirector Education Department
_c1997
300 _a438
942 _2ddc
_cBK
_n0
999 _c10031
_d10031